Manual de geografía universal y especial de América :. (Registro nro. 48526)
[ vista simple ]
| 000 -CABECERA | |
|---|---|
| campo de control de longitud fija | 00323nam a2200109 a 4500 |
| 005 - FECHA Y HORA DE LA ÚLTIMA TRANSACCIÓN | |
| campo de control | 20201002061614.0 |
| 008 - DATOS DE LONGITUD FIJA--INFORMACIÓN GENERAL | |
| campo de control de longitud fija | 190716s1977 000 spa d |
| 040 ## - FUENTE DE LA CATALOGACIÓN | |
| Centro catalogador/agencia de origen | DO-SdBNP |
| 100 ## - ENTRADA PRINCIPAL--NOMBRE DE PERSONA | |
| Nombre de persona | Vincent Cepeda, Rosa Amelia |
| 9 (RLIN) | 1213 |
| 245 #0 - MENCIÓN DE TÍTULO | |
| Título | Manual de geografía universal y especial de América :. |
| 260 ## - PUBLICACIÓN, DISTRIBUCIÓN, ETC. | |
| Lugar de publicación, distribución, etc. | Santo Domingo, |
| Fecha de publicación, distribución, etc. | 1977. |
No hay ítems disponibles.
